000 03501cam a22006494i 4500
003 PE-LiUPU
005 20250731180104.0
008 150706s r 000 0 d
020 _a9786123040284
035 _a(Sirsi) i9786123040284
040 _aPE-LiUPU
_bspa
_cPE-LiUPU
_erda
049 _aPRUA
082 0 4 _a518
_bC26
_221
100 1 _aCarrasco Venegas, Luis A.,
_eautor.
245 1 0 _aMétodos numéricos aplicados a la ingeniería problemas en Polymath y Matlab /
_cLuis A. Carrasco Venegas.
250 _a4a ed.
264 1 _aLima :
_bMacro,
_c2011.
300 _a587 páginas :
_bilustraciones ;
_c25 centímetros
336 _atext
_2rdacontent
337 _aunmediated
_2rdamedia
338 _avolume
_2rdacarrier
505 0 _aEcuaciones algebraicas no lineales -- Ecuaciones algebraicas no lineales -- Diferenciación -- Integración -- Ecuaciones algebraicas lineales -- Sistema de ecuaciones algebraicas no lineales -- Ecuaciones diferenciales ordinarias -- Ecuaciones diferenciales parciales -- Volúmenes finitos -- Aplicaciones a problemas con Matlab.
526 _aSEG44
526 _aSEG26
526 _aP159
526 _aP155
526 _aP154
526 _aP153
526 _aP150
526 _aP100
526 _aP31
526 _aP30
526 _aP26
526 _aP25
526 _aP24
526 _aP22
526 _aP15
526 _aP10
541 _g015-001535;
650 0 4 _aAnálisis numérico
_vProcesamiento de datos.
650 0 4 _aMATLAB (Programa para computadora).
650 0 4 _aPOLYMATH (Programa para computadora).
910 _cbd
_d20130530
942 _2ddc
_cBOOK
949 _a518 C26
_wDEWEY
_c1
_i67365
_d2015-10-14
_e2015-10-13
_lCCODEBUL1
_mBUL
_n2
_p22.00
_r0
_sY
_tBOOK
_u2015-7-6
_xINGENIERIA
_PP25
_0COMPRA
_o.STAFF. Colección General
949 _a518 C26
_wDEWEY
_c2
_i71103
_d2015-9-13
_e2015-9-11
_lCCODEBUL1
_mBUL
_n1
_p16.00
_r0
_sY
_tBOOK
_u2015-5-22
_xINGENIERIA
_PP25
_0COMPRA
_o.STAFF. Colección General
949 _a518 C26
_wDEWEY
_c3
_i71104
_d2016-8-22
_e2016-8-22
_lCCODEBUL1
_mBUL
_n2
_p16.00
_r0
_sY
_tBOOK
_u2015-5-22
_xINGENIERIA
_PP25
_0COMPRA
_o.STAFF. Colección General
949 _a518 C26
_wDEWEY
_c4
_i71105
_d2016-9-6
_e2016-9-1
_mBUL
_n1
_p16.00
_r0
_sY
_tBOOK
_u2015-5-22
_xINGENIERIA
_PP25
_0COMPRA
_o.STAFF. Colección General
949 _a518 C26
_wDEWEY
_c5
_i71106
_d2016-9-25
_e2016-9-22
_lCCODEBUL1
_mBUL
_n4
_p16.00
_r0
_sY
_tBOOK
_u2015-5-22
_xINGENIERIA
_PP25
_0COMPRA
_o.STAFF. Colección General
994 _aC0
_bPEPRU
596 _a1
999 _a518 C26
_wDEWEY
_c19197
_i67365
_d19197
_e2015-10-13
_f2021-11-9
_g7
_lCCODEBUL1
_mBUL
_n2
_p22.00
_r0
_sN
_tBOOK
_u2015-7-6
_xINGENIERIA
_PP25
_0COMPRA
_o.STAFF. Colección General
999 _a518 C26
_wDEWEY
_c2
_i71103
_d2019-3-11
_e2019-3-8
_f2021-11-9
_g7
_lCCODEBUL1
_mBUL
_n4
_p16.00
_q2
_r0
_sY
_tBOOK
_u2015-5-22
_xINGENIERIA
_PP25
_0COMPRA
_o.STAFF. Colección General
999 _a518 C26
_wDEWEY
_c3
_i71104
_d2016-8-22
_e2016-8-22
_f2021-11-9
_g7
_lCCODEBUL1
_mBUL
_n2
_p16.00
_r0
_sY
_tBOOK
_u2015-5-22
_xINGENIERIA
_PP25
_0COMPRA
_o.STAFF. Colección General
999 _a518 C26
_wDEWEY
_c4
_i71105
_d2016-9-6
_e2016-9-1
_f2021-11-9
_g7
_lCCODEBUL1
_mBUL
_n1
_p16.00
_r0
_sY
_tBOOK
_u2015-5-22
_xINGENIERIA
_PP25
_0COMPRA
_o.STAFF. Colección General
999 _a518 C26
_wDEWEY
_c5
_i71106
_d2019-7-8
_e2019-7-8
_f2021-11-9
_g7
_lCCODEBUL1
_mBUL
_n5
_p16.00
_q3
_r0
_sY
_tBOOK
_u2015-5-22
_xINGENIERIA
_PP25
_0COMPRA
_o.STAFF. Colección General
980 _81
_gALBERTO SANCHEZ Responsable de Automatización